| 000 | 00471nam a2200145Ia 4500 | ||
|---|---|---|---|
| 008 | 170221s9999 xx 000 0 und d | ||
| 100 | _aNeill Korobov | ||
| 245 | _aUsing Improprieties to Pursue Intimacy in Speed-dating Interactions | ||
| 245 | _cNeill Korobov, Justin Laplante | ||
| 260 | _bStudies in Media and Communication | ||
| 260 | _c2016 | ||
| 650 | _xCommunication | ||
| 650 | _xMedia Arts | ||
| 856 | _uhttp://redfame.com/journal/index.php/smc/issue/view/4 | ||
| 999 |
_c309189 _d309189 |
||